000 01217cam a2200337 a 4500
999 _c1404
_d1404
001 15310032
003 OSt
005 20221229111137.0
008 080529s2009 onca j b 001 0 eng
010 _a 2008024011
016 _a20089035704
020 _a9780778741350 (pbk. : alk. paper)
035 _a(OCoLC)ocn227911782
035 _a(OCoLC)227911782
037 _a1286266
_bQBI
040 _aDLC
_cDLC
_dQBX
_dBTCTA
_dBAKER
_dEHH
_dDLC
_dKH8
082 0 0 _a676.28 LAN
_222
100 1 _aLangley, Andrew,
_d1949-
_eauthor
245 1 0 _aPaper products /
_cAndrew Langley.
246 1 8 _aPaper
260 _aSt. Catharines, Ont. :
_aNew York, NY :
_bCrabtree Pub.,
_cc2009.
300 _a24 p. :
_bcol. ill. ;
_c24 cm.
490 0 _aEveryday materials
504 _aIncludes bibliographical references (p. 23) and index.
650 0 _aPaper
_vJuvenile literature.
650 0 _aPapermaking
_vJuvenile literature.
856 4 1 _3Table of contents only
_uhttp://www.loc.gov/catdir/toc/ecip0819/2008024011.html
906 _a7
_bcbc
_corignew
_d1
_eecip
_f20
_gy-gencatlg
942 _2ddc
_cNFIC